Pittsburgh PA Translator - Statistics

General Stats
  • This quiz has been taken 2,021 times
    1,915 since last reset
  • The average score is 10 of 16
Answer Stats
Question Answer % Correct
Pierogies most closely resemble: mashed potato ravioli
91%
A babushka is another name for a: bandana
84%
The correct response to "Kennywood's Open!" is to: zip up your fly
84%
Dippy eggs are: sunny-side up
83%
The Pittsburgh verion of "y'all" is: Yinz
78%
A buggy is used when: shopping
75%
You should clean your carpets with a: sweeper
73%
Which of these "sentences" with missing words is most likely to be spoken by a Pittsburgh native? My car needs fixed.
70%
One way to keep objects together is to fasten then with: gum bands
64%
One way a terrible towel might be used is when one is: at a football game
61%
A folding chair might hold your: parking space
55%
You might expect a cookie table to be found at: A wedding
51%
A nosy person could be described as: nebby
46%
Slippy means: slippery
31%
If your were to order a Pittsburgh salad, you might get: garden salad with french fries and steak
25%
One common way to end a sentence is: 'N'At
22%
No matching quizzes found
Score Distribution
Percent of People with Each Score
Percentile by Number Answered
Your Score History
You have not taken this quiz since the last reset